MDQL
is popping MORE tags! Check the
thread
!
Quizzes
Events
Quiz Creation
Community
Videos
Private Events
Remove Ads
Sign In
Join for FREE
Feedback
Dark Mode
Quiz Categories
Sports
Geography
Music
Movies
Television
Just For Fun
Miscellaneous
History
Literature
Language
Science
Gaming
Entertainment
Religion
Holiday
For Kids
Quiz Lab
Recent
Popular Today
Quiz Kudos Today
Editor Picks
Curator Picks
Quizzes by...
Day
Popularity
Type
Ratings
Length
Year
Community
Subscriptions
Recent Discussions
Orange Saloon
Badges
Playlists
Quests
Create
Leaderboards
Showdown
Live 5
Trivia Bingo
Activity
Puzzle Library
Sporcle Events
Private Events
Virtual Trivia
Globe League
Become a Host
Pub Owners
SporcleCon
Opinionation
Our Games
Videos
Blog
Mobile Apps
Partnerships
Remove Ads and Go Orange
Feedback
Movies
Disney
Marvel Cinematic Universe
Movie Resume
Movie Titles
Oscar
Actor
Actress
Director
Pixar
Role
Movie Quotes
Movie Characters
Box Office
Nominee
Best Picture
Star Wars
James Bond
Horror Movies
Movies
Disney
Marvel Cinematic Universe
Movie Resume
Movie Titles
Oscar
Actor
Actress
Director
Pixar
Role
Movie Quotes
Movie Characters
Box Office
Nominee
Best Picture
Star Wars
James Bond
Horror Movies
Random Quiz
Search Sporcle
×
Quiz Lab
Quiz Lab
Movies
Iron Man
Select answers by clicking on text or image buttons
Select answers by clicking on text or image buttons
Clickable
Best Score? Go Orange.
Who Are The Marvels Heros Talking to Stats
Can you match the Marvels Heros Quotes to who they are talking to
By
Jasminewinter140
7m
30 Questions
582 Plays
582 Plays
582 Plays
Comments
Comments
Give Quiz Kudos
Give Quiz Kudos
-
- Ratings
hide this ad
Forced Order
Answers have to be entered in order
Answers have to be entered in order
Replay
Link that replays current quiz
Next Quiz
Link to next quiz in quiz playlist
You Got
0%
They Got
Avg Score
73%
Avg Friend Score
Upgrade to see
Score Distribution
Jump to the score distribution portion of the page
Score
0/30
Timer
07:00
0
Plays Today
% Correct
Human Torch
90.2%
Spiderman
88.5%
Spiderman
86.9%
Hawkeye
84.9%
Humantorch
84%
Hawkeye
83.8%
Ironman
83.2%
Thor
80.4%
Ironman
80.1%
Storm
78.2%
Captain America
77.5%
Hulk
77.1%
Hawkeye
77%
Thor
76.3%
Storm
74.1%
% Correct
Storm
73.9%
Punisher
72.5%
Hulk
72.5%
Wolverine
71.1%
Wolverine
69.4%
The Thing
65.5%
Emma Frost
65.5%
Storm
65.3%
Wolverine
63.4%
Storm
63.2%
Wolverine
62.4%
Cable
59.5%
Ghost Rider
58.2%
Thor
57.2%
The Thing
54.1%
Quiz Playlist
Details
Report
Send in Message
Add To Playlist
Clickable:
Select answers by clicking on text or image buttons
Forced Order:
Answers have to be entered in order
Last Updated: Jan 17, 2020
Quiz Scoreboard
CHALLENGE
Sign Up to Join the Scoreboard
Show All
Scores
Hide
Comments
May contain spoilers
Recently Published
5x2 Blitz: Bands
by SL_Kpop136
Music
30s
Colored Red Africa Blitz
by spor1
Geography
30s
Find the 'City' Movie
by crazypaving
Movies
60s
More to Explore
Quiz From the Vault
Featured Blog Post
14 Easter Pick-up Lines to Find Eggs With
hide this ad
You Might Also Like...
Tags
Avengers
Hawkeye
hulk
Hulk Hogan
Iron Man
Marvel Superheroes
Spider-Man
storm
The Thing
thor
Wolverine
Today's Top Quizzes in Movies
Browse Movies
hide this ad
Today's Top Quizzes in Iron Man
Browse Iron Man
Top Contributed Quizzes in Movies
1
Find The 'Big' Movie
2
Find The 'Wild' Movie
3
Find The 'Blue' Movie
4
Movies By Plot
5
Pick 5 Posters: Directed by Spielberg
6
Hidden Star Wars Character II
7
Hidden Star Wars Character III
8
Hidden Star Wars Character IV
9
Alfred Hitchcock Movies by Plot
10
Hidden Star Wars Character V
Explore More
Trending Topics
Disney
Marvel
Kpop
NBA
Harry Potter
Anime
Crossword
Puzzle
Song
The Office
WWE
Soccer
Country
Pokémon
NFL
hide this ad
More By:
Jasminewinter140
Quiz
Plays
Rating
Category
Featured
Created
Grease Characters
19,624
4.08
Movies
Jul 5, 2014
5 Seconds of Summer Songs by Other Artists
14,811
2.11
Music
Aug 2, 2016
5 Seconds of Summer Music Video Quiz
7,514
4.43
Music
Jul 30, 2016
Barbie Movies Characters
6,621
3.82
Movies
Jan 22, 2020
Barbie Movie From a Character's Name
6,460
3.67
Movies
Sep 21, 2014
Go to Creator's Profile
Score Distribution
Quiz Creator Spotlight
Jasminewinter140
Follow
Send a Message
Quizzes Created
-
Created Quiz Play Count
-
More By This Creator
Popular Quizzes Today
1
Find the 'City' Movie
2
Colored Red Africa Blitz
3
Find the US States - No Outlines Minefield
4
5x2 Blitz: Bands
5
The Countries of the World
6
Find the US States
7
US States
8
9x9 Crossword: Cartoon Network
More Movies Quizzes
MCU Character Appearances I
Quiz Lab
Trending Quizzes
Colored Red Europe Blitz I
Colored Red Africa Blitz II
Colored Red Europe Blitz II
Colored Red Europe Blitz III
Colored Red Africa Blitz III
Recently Updated
Famous TV Couples
Peacemaker
Champions League XIs: Real Madrid
pecheneg
Largest US Cities 1790-2010
pecheneg
Rides in Walt Disney World
pecheneg
Most Oscar Losses (Acting)
pecheneg
Beyoncé Albums
pecheneg
Leaping Animals
pecheneg
Reality TV Shows (A-Z)
bhenderson79
Rickey Henderson's Hall of Fame Teammates
pecheneg
Champions League XIs: Arsenal
pecheneg
Trending Topics
Marvel
Harry Potter
Kpop
NBA
Anime
Crossword
Disney
Country
NFL
Pokémon
Song
The Office
Soccer
Puzzle
WWE
Your Account Isn't Verified!
In order to create a playlist on Sporcle, you need to verify the email address you used during registration. Go to your
Sporcle Settings
to finish the process.
Report this User
Report this user for behavior that violates our
Community Guidelines
.
Details:
Send Report
Go to the Sporcle.com Mobile Site →
Comments